Statistics for British or American Name?

Click here to take the quiz!

General Stats

  • This quiz has been taken 17,394 times
  • The average score is 12 of 15

Answer Stats

QuestionAnswer% Correct
Kennedy (female)American
90%
Alfie (male)British
88%
Jesus (male)American
84%
Imogen (female)British
84%
Harriet (female)British
84%
Hailey (female)American
83%
Mohammad (male)British
80%
Archie (male)British
78%
Poppy (female)British
78%
Devin (male)American
73%
Allison (female)American
70%
Avery (female)American
70%
Freya (female)British
70%
Freddie (male)British
68%
Landon (male)American
60%

Score Distribution

Percentile by Number Answered

Percent of People with Each Score

Your Score History

You have not taken this quiz